Contemporary racisms and ethnicities: social and cultural transformations
| Main Author: | |
|---|---|
| Format: | Print Book |
| Language: | English |
| Published: |
Buckingham [England] Philadelphia
Open University Press
1999
|
| In: | Year: 1999 |
| Edition: | 1. publ. |
| Online Access: |
Table of Contents Table of Contents |
| Availability in Tübingen: | Present in Tübingen. UB: KB 8 E 8218 |
| Check availability: | HBZ Gateway |
| Subito Delivery Service: | Order now. |
| Keywords: |
MARC
| LEADER | 00000cam a2200000 c 4500 | ||
|---|---|---|---|
| 001 | 251848116 | ||
| 003 | DE-627 | ||
| 005 | 20260206193320.0 | ||
| 007 | tu | ||
| 008 | 981127s1999 xxk||||| 00| ||eng c | ||
| 010 | |a 98049830 | ||
| 020 | |a 0335196721 |c (pbk.) |9 0-335-19672-1 | ||
| 020 | |a 033519673X |c (hardcover) |9 0-335-19673-X | ||
| 035 | |a (DE-627)251848116 | ||
| 035 | |a (DE-603)084249005 | ||
| 035 | |a (DE-576)073595470 | ||
| 035 | |a (DE-599)GBV251848116 | ||
| 035 | |a (OCoLC)246131543 | ||
| 035 | |a (OCoLC)467974044 | ||
| 040 | |a DE-627 |b ger |c DE-627 |e rakwb | ||
| 041 | |a eng | ||
| 044 | |c XA-GB | ||
| 050 | 0 | |a HT1521 | |
| 082 | 0 | |a 305.8 | |
| 084 | |a MS 3530 |2 rvk |0 (DE-625)rvk/123683: | ||
| 084 | |a MS 3300 |2 rvk |0 (DE-625)rvk/123679: | ||
| 100 | 1 | |a Mac an Ghaill, Máirtín |d 1957- |0 (DE-588)131555006 |0 (DE-627)510449077 |0 (DE-576)173772056 |4 aut | |
| 109 | |a Mac an Ghaill, Máirtín 1957- |a Ghaill, Máirtín Mac an 1957- |a MacanGhaill, Máirtín 1957- |a Mac-an-Ghaill, Máirtín 1957- | ||
| 245 | 1 | 0 | |a Contemporary racisms and ethnicities |b social and cultural transformations |c Máírtín Mac an Ghaill |
| 246 | 3 | 0 | |a Contemporary |
| 250 | |a 1. publ. | ||
| 264 | 1 | |a Buckingham [England] |a Philadelphia |b Open University Press |c 1999 | |
| 300 | |a 176 S |c 23 cm | ||
| 336 | |a Text |b txt |2 rdacontent | ||
| 337 | |a ohne Hilfsmittel zu benutzen |b n |2 rdamedia | ||
| 338 | |a Band |b nc |2 rdacarrier | ||
| 490 | 0 | |a Sociology and social change | |
| 500 | |a Includes bibliographical references (p. [155]-170) and index | ||
| 505 | 8 | |a Literaturverz. S. [155] - 170 | |
| 505 | 8 | |a Literaturverz. S. [155] - 170 | |
| 650 | 0 | |a Race | |
| 650 | 0 | |a Racism | |
| 650 | 0 | |a Ethnicity | |
| 650 | 0 | |a Minorities | |
| 650 | 0 | |a Social Isolation | |
| 650 | 0 | |a Marginality, Social | |
| 650 | 0 | |a Social Policy | |
| 650 | 0 | 7 | |0 (DE-588)4055879-4 |0 (DE-627)10615656X |0 (DE-576)209115742 |a Sozialpolitik |2 gnd |
| 650 | 0 | 7 | |0 (DE-588)4162511-0 |0 (DE-627)105461776 |0 (DE-576)209873965 |a Isolation |g Soziologie |2 gnd |
| 650 | 0 | 7 | |0 (DE-588)4076527-1 |0 (DE-627)10445184X |0 (DE-576)209202130 |a Rassismus |2 gnd |
| 650 | 0 | 7 | |0 (DE-588)4048390-3 |0 (DE-627)104106689 |0 (DE-576)209077581 |a Randgruppe |2 gnd |
| 650 | 0 | 7 | |0 (DE-588)4039409-8 |0 (DE-627)104117338 |0 (DE-576)209034890 |a Nationale Minderheit |2 gnd |
| 650 | 0 | 7 | |0 (DE-588)4220764-2 |0 (DE-627)10459148X |0 (DE-576)210267585 |a Ethnizität |2 gnd |
| 689 | 0 | 0 | |d s |0 (DE-588)4076527-1 |0 (DE-627)10445184X |0 (DE-576)209202130 |a Rassismus |2 gnd |
| 689 | 0 | 1 | |d s |0 (DE-588)4220764-2 |0 (DE-627)10459148X |0 (DE-576)210267585 |a Ethnizität |2 gnd |
| 689 | 0 | |5 (DE-627) | |
| 689 | 1 | 0 | |d s |0 (DE-588)4039409-8 |0 (DE-627)104117338 |0 (DE-576)209034890 |a Nationale Minderheit |2 gnd |
| 689 | 1 | 1 | |d s |0 (DE-588)4048390-3 |0 (DE-627)104106689 |0 (DE-576)209077581 |a Randgruppe |2 gnd |
| 689 | 1 | 2 | |d s |0 (DE-588)4162511-0 |0 (DE-627)105461776 |0 (DE-576)209873965 |a Isolation |g Soziologie |2 gnd |
| 689 | 1 | 3 | |d s |0 (DE-588)4055879-4 |0 (DE-627)10615656X |0 (DE-576)209115742 |a Sozialpolitik |2 gnd |
| 689 | 1 | |5 (DE-627) | |
| 856 | 4 | 2 | |u http://www.gbv.de/dms/hbz/toc/ht010723979.pdf |m V:DE-605 |q pdf/application |v 2008-11-15 |x Verlag |y Inhaltsverzeichnis |3 Inhaltsverzeichnis |7 1 |
| 856 | 4 | 2 | |u http://scans.hebis.de/HEBCGI/show.pl?08424900_toc.pdf |m V:DE-605 |q application/pdf |3 Inhaltsverzeichnis |7 1 |
| 935 | |i Blocktest | ||
| 935 | |h HEB |i 0501 | ||
| 935 | |h HEB |i 0503 | ||
| 936 | r | v | |a MS 3530 |b Rassismus |k Soziologie |k Spezielle Soziologien |k Soziologie der Minoritäten und Randgruppen |k Rassismus |0 (DE-627)1271103672 |0 (DE-625)rvk/123683: |0 (DE-576)201103672 |
| 936 | r | v | |a MS 3300 |b Allgemeine Literatur |k Soziologie |k Spezielle Soziologien |k Soziologie der Minoritäten und Randgruppen |k Allgemeine Literatur |0 (DE-627)1270879677 |0 (DE-625)rvk/123679: |0 (DE-576)200879677 |
| 936 | s | n | |a m200 |2 mzub |
| 951 | |a BO | ||
| ELC | |b 1 | ||
| LOK | |0 000 xxxxxcx a22 zn 4500 | ||
| LOK | |0 001 3074520477 | ||
| LOK | |0 003 DE-627 | ||
| LOK | |0 004 251848116 | ||
| LOK | |0 005 20010918000000 | ||
| LOK | |0 008 991206||||||||||||||||ger||||||| | ||
| LOK | |0 040 |a DE-21 |c DE-627 |d DE-21 | ||
| LOK | |0 852 |a DE-21 | ||
| LOK | |0 852 1 |c KB 8 E 8218 |9 00 | ||
| LOK | |0 935 |a krim | ||
| LOK | |0 936ln |a k7.3.3.4 | ||
| LOK | |0 939 |a 06-12-99 |b l01 | ||
| ORI | |a SA-MARC-krimdoka001.raw | ||
| SIG | |a UB: KB 8 E 8218 | ||
